000 00635nam a2200253Ia 4500
005 20260121160156.0
008 008 260114s9999 xx 000 0 eng d
020 _a9781315162300
037 _aEBOOK
040 _aCRL
040 _beng
040 _cCRL
041 _2eng
041 _aeng
084 _qCRL
100 _a Jerome C Branche
_91028638
245 0 _aPost/Colonialism and the Pursuit of Freedom in the Black Atlantic
260 _bTaylor and Francis
260 _c2018
856 _uhttp://www.taylorfrancis.com/books/9781315162300
942 _cEBOOK
999 _c1595457
_d1595457